| 000 | 01085cam a2200253 4500 | ||
|---|---|---|---|
| 001 | WB3717-18 | ||
| 008 | 000000n2001 000 0 eng u | ||
| 035 | _a(Sirsi) u112318 | ||
| 245 | _aNuisance | ||
| 260 | _c2001 | ||
| 490 |
_aEstates Gazette _v(0117) 28 April 2001, 220(1) |
||
| 520 | _aConsiders the issues of nuisance and liability that can arise in the light of "Wandsworth LBC v Railtrack plc" [2001] EGCS 104 where it was held that public nuisance can arise out of inconvenience as well as actual damage and that an occupier of land may be liable for the activities of wild creatures, in this case pigeons roosting on the underside of a railway bridge. Concludes that, in such circumstances, once landowners are aware that a nuisance exists they are under a duty to take reasonable steps to abate it. | ||
| 590 | _aWB | ||
| 650 | _aABATEMENT | ||
| 650 | _aLIABILITY | ||
| 650 | _aNUISANCE | ||
| 650 | _aPRIVATE NUISANCE | ||
| 650 | _aPUBLIC NUISANCE | ||
| 650 | _aWILD ANIMALS | ||
| 650 | _aWILD BIRDS | ||
| 650 | _aWILDLIFE | ||
| 690 | _aLAW | ||
| 942 | _n0 | ||
| 999 |
_c66857 _d66857 |
||